ARRUPE JESUIT UNIVERSITY

CORONAVIRUS -STOP THE SPREAD - CLEAN,DISINFECT,COVER

The burning shore / (Record no. 130562)

MARC details
000 -LEADER
fixed length control field 00773cam a2200253 a 4500
001 - CONTROL NUMBER
control field 1913589
003 - CONTROL NUMBER IDENTIFIER
control field ARRUPE
005 - DATE AND TIME OF LATEST TRANSACTION
control field 20201028112906.0
008 - FIXED-LENGTH DATA ELEMENTS--GENERAL INFORMATION
fixed length control field 850301s1985 nyu 000 1 eng
010 ## - LIBRARY OF CONGRESS CONTROL NUMBER
LC control number 85004479
020 ## - INTERNATIONAL STANDARD BOOK NUMBER
International Standard Book Number 0385187386
040 ## - CATALOGING SOURCE
Original cataloging agency DLC
Transcribing agency DLC
Modifying agency DLC
-- OCoLC
050 00 - LIBRARY OF CONGRESS CALL NUMBER
Classification number PR9369.3.S6
Item number B8 1985
082 00 - DEWEY DECIMAL CLASSIFICATION NUMBER
Classification number 823
Edition number 19
300 ## - PHYSICAL DESCRIPTION
Dimensions 24 cm.
100 1# - MAIN ENTRY--PERSONAL NAME
Personal name Smith, Wilbur A.
9 (RLIN) 50030
245 14 - TITLE STATEMENT
Title The burning shore /
Statement of responsibility, etc Wilbur Smith.
260 ## - PUBLICATION, DISTRIBUTION, ETC. (IMPRINT)
Place of publication, distribution, etc Garden City, N.Y. :
Name of publisher, distributor, etc Doubleday,
Date of publication, distribution, etc 1985.
300 ## - PHYSICAL DESCRIPTION
Extent 420 p. ;
650 #0 - SUBJECT ADDED ENTRY--TOPICAL TERM
Topical term or geographic name as entry element Courtney family (Fictitious characters)
General subdivision Fiction.
9 (RLIN) 50031
650 #0 - SUBJECT ADDED ENTRY--TOPICAL TERM
Topical term or geographic name as entry element World War, 1914-1918
General subdivision Fiction.
9 (RLIN) 11579
655 #7 - INDEX TERM--GENRE/FORM
Genre/form data or focus term Epic literature.
Source of term gsafd
9 (RLIN) 50032
906 ## - LOCAL DATA ELEMENT F, LDF (RLIN)
a 7
b cbc
c orignew
d 1
e ocip
f 19
g y-gencatlg
942 ## - ADDED ENTRY ELEMENTS (KOHA)
Source of classification or shelving scheme Library of Congress Classification
Koha item type Monograph ( Printed materials)
Holdings
Withdrawn status Lost status Source of classification or shelving scheme Damaged status Not for loan Collection code Home library Current library Shelving location Date acquired Total Checkouts Full call number Barcode Date last seen Price effective from Koha item type
    Library of Congress Classification     Main Collection ARRUPE LIBRARY ARRUPE LIBRARY Main Collection 28/10/2020   PR9369.3.S6 B8 1985 46600008155 28/10/2020 28/10/2020 Monograph ( Printed materials)

 

Arrupe Library. PO Box MP320 Mt Pleasant, Harare, Zimbabwe
263 242 745411|librarian@aju.ac.zw